| 000 | 01093cam a2200301 i 4500 | ||
|---|---|---|---|
| 001 | bg | ||
| 003 | BPK | ||
| 005 | 20210119092357.0 | ||
| 008 | 010522s1976 pl a f f |001 0 pol | ||
| 015 | _aPB 1977/2066 | ||
| 040 |
_aWA N _cBPK |
||
| 041 | 1 |
_apol _hger |
|
| 080 | _a621.38 | ||
| 080 | _a(07) | ||
| 100 | 1 |
_aTietze, Ulrich _eAutor |
|
| 245 | 1 | 0 |
_aUkłady półprzewodnikowe / _cU. Tietze, Ch. Schenk ; tł. [z niem.] Zygmunt Jaroszewski [e al.]. |
| 246 | 1 |
_iTyt. oryg.: _aHalbleiter-Schaltungstechnik, _f1974. |
|
| 260 |
_aWarszawa : _bWydawnictwa Naukowo-Techniczne, _c1976. |
||
| 300 |
_a594, [2] s. : _bil., tab., wykr. ; _c25 cm. |
||
| 504 | _aBibliogr. Indeks. | ||
| 650 | 4 |
_aElektronika _xurządzenia. |
|
| 650 | 4 | _aPółprzewodniki | |
| 710 | 2 |
_aWydawnictwa Naukowo-Techniczne _4pbl. |
|
| 700 | 1 |
_aJaroszewski, Zygmunt _eTłumaczenie _c(tłumacz). |
|
| 700 | 1 |
_aSchenk, Christoph _d(1945- ) _eAutor |
|
| 856 |
_uhttp://koha.tu.koszalin.pl/cgi-bin/koha/opac-detail.pl?biblionumber=17266 _zKatalog online BPK |
||
| 942 |
_2UKD _cKS |
||
| 999 |
_c17266 _d17266 |
||